الحشاشون : (Record no. 14018)
[ view plain ]
| 000 -LEADER | |
|---|---|
| fixed length control field | 00961nam a22001937a 4500 |
| 008 - FIXED-LENGTH DATA ELEMENTS--GENERAL INFORMATION | |
| fixed length control field | 100526t xxu||||| |||| 00| 0 eng d |
| 082 ## - DEWEY DECIMAL CLASSIFICATION NUMBER | |
| Edition number | 22 |
| Classification number | 247.9 |
| Item number | ل و ى |
| 100 ## - MAIN ENTRY--PERSONAL NAME | |
| 9 (RLIN) | 14270 |
| Personal name | لويس , برنارد |
| 245 ## - TITLE STATEMENT | |
| Title | الحشاشون : |
| Remainder of title | فرقة ثورية فى تاريخ الإسلام / |
| Statement of responsibility, etc | تأليف برنارد لوس ؛ تعريب محمد العزب موسى |
| 250 ## - EDITION STATEMENT | |
| Edition statement | ط. 2 |
| 260 ## - PUBLICATION, DISTRIBUTION, ETC. (IMPRINT) | |
| Place of publication, distribution, etc | بيروت ؛ |
| -- | القاهرة : |
| Name of publisher, distributor, etc | ؛ دار آزال للطباعة والنشر والتوزيع |
| -- | مكتبة مدبولى: |
| Date of publication, distribution, etc | 1986. |
| 300 ## - PHYSICAL DESCRIPTION | |
| Extent | 252 ص: |
| Other physical details | ايض ؛ |
| Dimensions | 15 سم. |
| 500 ## - GENERAL NOTE | |
| General note | Donations. |
| 500 ## - GENERAL NOTE | |
| General note | Donated By: Mohamed Abdel Ghaney. |
| 650 ## - SUBJECT ADDED ENTRY--TOPICAL TERM | |
| 9 (RLIN) | 14273 |
| Topical term or geographic name as entry element | الحشاشون - فرق إسلامية |
| 700 ## - ADDED ENTRY--PERSONAL NAME | |
| 9 (RLIN) | 14274 |
| Personal name | موسى, محمد العزب |
| 942 ## - ADDED ENTRY ELEMENTS (KOHA) | |
| Source of classification or shelving scheme | Dewey Decimal Classification |
| Item type | Book - Borrowing |
| Withdrawn status | Item status | Source of classification or shelving scheme | Damaged status | Not for loan | Vendor | Home library | Current library | Shelving location | Date acquired | Source of acquisition | Total Checkouts | Full call number | Barcode | Date last seen | Date last borrowed | Koha item type |
|---|---|---|---|---|---|---|---|---|---|---|---|---|---|---|---|---|
| Dewey Decimal Classification | Central Library | Central Library | Lower Floor | 26/05/2010 | 2 | 247.9 لوي | 000020769 | 15/07/2025 | 09/03/2014 | Book - Borrowing |